Zami : così riscrivo il mio nome /
Sábháilte in:
| Príomhchruthaitheoir: | |
|---|---|
| Rannpháirtithe: | , |
| Formáid: | LEABHAR |
| Teanga: | Iodáilis |
| Foilsithe / Cruthaithe: |
Pisa :
ETS,
2014
|
| Sraith: | Àltera ;
10 |
| Ábhair: | |
| Clibeanna: |
Níl clibeanna ann, Bí ar an gcéad duine le clib a chur leis an taifead seo!
|
MARC
| LEADER | 00000nam a2200000 i 4500 | ||
|---|---|---|---|
| 001 | IT\ICCU\CFI\0904519 | ||
| 003 | ItRI | ||
| 005 | 20260115232107.0 | ||
| 008 | 141209s2014 it |||||| ||||| |||||c | ||
| 015 | |2 IT |a 2015-743 | ||
| 020 | |a 9788846738653 | ||
| 040 | |b ita |c importazione bologna sebina | ||
| 041 | 7 | |a ita |2 ISO-639-2 | |
| 082 | |a 813.54 |9 NARRATIVA AMERICANA IN LINGUA INGLESE, 1945-1999 |2 23 | ||
| 100 | 1 | |a Lorde, Audre |0 IT\ICCU\UBOV\097842 | |
| 240 | 1 | 0 | |a Zami, a new spelling of my name |3 IT\ICCU\CFI\0904520 |9 Lorde, Audre |
| 245 | 1 | 0 | |a Zami : |b così riscrivo il mio nome / |c Audre Lorde ; traduzione di Grazia Dicanio ; introduzione e cura di Liana Borghi. |
| 260 | |a Pisa : |b ETS, |c 2014 | ||
| 300 | |a 303 p. ; |c 21 cm | ||
| 650 | 7 | |a Lorde, Audre |x Autobiografie | |
| 700 | 1 | |a Borghi, Liana |0 IT\ICCU\CFIV\054659 | |
| 700 | 1 | |a Dicanio, Grazia |0 IT\ICCU\CFIV\321942 | |
| 790 | 1 | |a Borghi, Liana M. |3 IT\ICCU\MILV\165448 |z Borghi, Liana | |
| 830 | 0 | |a Àltera ; |v 10 |0 IT\ICCU\CFI\0755998 | |
| 942 | |2 ddc |c BK |n 0 | ||
| 952 | |0 0 |1 0 |4 0 |6 L_813_540000000000000_LOR |7 0 |9 19953 |a BO |b BO |d 2026-01-15 |i 17914 |l 0 |o L 813.54 LOR |p BO17914 |r 2026-01-15 23:21:07 |w 2026-01-15 |x [Sebina 5] [1 v.] |y BK |z 1 v. | ||
| 999 | |c 17010 |d 17010 | ||